[Event "AZE-ch Men 2019"]
[Site "Baku"]
[Date "2019.01.16"]
[Round "1"]
[White "Muradli, Mahammad"]
[Black "Guliev, Logman"]
[Result "1/2-1/2"]
[WhiteElo "2432"]
[BlackElo "2322"]
[Annotator "TA"]
[PlyCount "194"]
[EventDate "2019.01.16"]
[EventType "swiss"]
[EventCountry "AZE"]
[SourceTitle "playchess.com"]
[Source "ChessBase"]
[SourceQuality "1"]

{[%evp 13,194,29,36,0,25,5,27,29,24,27,42,42,39,38,55,55,51,35,34,23,31,27,32,33,39,33,47,32,29,23,22,22,27,30,22,27,28,35,40,37,37,4,17,14,27,34,31,0,0,1,5,6,6,0,0,0,8,8,22,22,21,21,34,24,25,9,18,0,23,0,0,0,0,0,0,0,0,0,0,0,0,0,0,0,0,-6,0,-2,0,-4,0,-2,0,0,0,0,0,0,0,0,0,0,0,0,0,0,0,0,0,0,0,0,0,0,33,0,0,0,0,0,0,0,0,0,0,0,0,0,0,0,0,0,0,0,0,0,0,0,0,0,0,0,0,0,0,0,0,0,0,0,0,0,536,551,550,535,447,59,580,268,268,0,0,-30,-43,-69,-69,-183,-11,-20,-8,-11,0,0,0,0,0,0,0,0,0,0,0]} 1. d4 Nf6 2. c4 e6 3. Nf3 Bb4+ 4. Bd2 Qe7 5. g3 O-O 6. Bg2 Bxd2+ {E11: Bogo-Indian} 7. Qxd2 d5 {LiveBook: 179 Games} 8. b3 $146 ({Predecessor:} 8. O-O Rd8 9. Na3 c6 10. Rac1 Nbd7 11. Rfd1 a5 12. Ne5 Nf8 13. Nb1 Ne8 14. Qc2 f6 15. Nf3 Nd6 16. Nbd2 {½-½ (30) Krasenkow,M (2671)-Korobov,A (2652) Wijk aan Zee 2018}) 8... Ne4 9. Qb2 Qb4+ 10. Nfd2 Nxd2 11. Qxd2 Qxd2+ 12. Nxd2 Rd8 13. O-O Nc6 14. e3 Ne7 15. Rac1 c6 16. Nf3 b6 17. Ne5 Ba6 18. Rc3 Rac8 19. Rfc1 Kf8 20. h4 c5 21. dxc5 Rxc5 22. b4 Rc7 23. b5 Bb7 24. cxd5 Rxc3 25. Rxc3 {[#] d6! is the strong threat.} Nxd5 26. Ra3 Ra8 27. e4 Nf6 28. f3 Ke7 29. Rd3 h5 30. Kf2 a6 31. bxa6 Rxa6 32. Rd2 Ra4 33. Ke3 g6 34. Rc2 Ne8 35. Bf1 {With the idea Bb5.} Ba6 36. Bxa6 Rxa6 $11 {[%mdl 4096] Endgame KRN-KRN} 37. Rd2 Ra3+ 38. Kf4 Nf6 39. Rc2 {Black must now prevent Rc7+.} Ne8 $1 40. Rd2 Nf6 41. Nc6+ Kf8 42. Rd8+ Kg7 43. Rd2 Ra4 44. Ke3 Ra3+ 45. Kf2 Rc3 46. Ne5 Rc5 47. Nd3 $1 {[%cal Rd3c5]} Rc7 48. Rb2 Nd7 49. Ke2 Rc3 50. Ne1 Ra3 51. Nc2 Rc3 52. Nd4 Ra3 53. Nb5 Ra4 54. Nc3 Rc4 55. Kd2 Nc5 56. Nb5 Kf6 57. a3 Nd7 58. Rb4 Rc5 59. Nd6 g5 60. f4 gxf4 61. gxf4 Ke7 62. Nc4 b5 63. Na5 f5 64. e5 (64. Nb3 $5 {[%cal Rb3c5]} Rc8 65. Rxb5 $14) 64... Nb6 65. Nb3 Nc4+ 66. Ke2 Rd5 67. a4 bxa4 68. Rxa4 Nb6 69. Rb4 Nd7 70. Rb7 Kd8 71. Ke3 Rd1 72. Nd4 Nc5 73. Nc6+ Kc8 74. Rh7 Rd3+ 75. Ke2 Rh3 76. Rxh5 Nd3 $1 {[%cal Rd3f4]} 77. Ne7+ Kd7 78. Ng6 Kc6 79. Rh8 Kd5 80. Ra8 Nc5 81. Rb8 Nb3 82. Kf2 {Hoping for Kg2.} Ke4 $2 {[%mdl 8192]} (82... Nd4 $11) 83. Kg2 $18 Rc3 84. h5 Nd4 {intending ...Rc2+.} 85. Rb4 $2 (85. h6 $18 Rc2+ 86. Kg3 Ne2+ 87. Kh4) 85... Ke3 $2 {[%mdl 8192] [#]} (85... Rc2+ $1 $14 86. Kg3 Rc1) 86. h6 (86. Rxd4 $142 $1 {[%mdl 512]} Kxd4 87. h6) 86... Rc7 87. Nf8 $2 ({White should play} 87. Rb1 $18) 87... Rc8 $1 $11 {[%cal Rc8f8]} 88. Nh7 Rh8 89. Rb7 Kxf4 90. Ra7 ({Only move:} 90. Kf2 $1 $15) 90... Kxe5 $2 (90... Nc6 $19 91. Rb7 Nxe5 92. Rb4+ Ke3) 91. Kg3 {The position is equal.} f4+ 92. Kg4 Rg8+ 93. Ng5 {Strongly threatening h7.} Kf6 $1 94. Rf7+ Kg6 95. h7 Rh8 96. Kxf4 Nf5 97. Ra7 e5+ {Accuracy: White = 63%, Black = 61%.} 1/2-1/2

[Event "AZE-ch Men 2019"]
[Site "Baku"]
[Date "2019.01.16"]
[Round "1"]
[White "Gadimbayli, Abdulla"]
[Black "Ilyasli, Ughur"]
[Result "1-0"]
[WhiteElo "2409"]
[BlackElo "2148"]
[Annotator "NA"]
[PlyCount "101"]
[EventDate "2019.01.16"]
[EventType "swiss"]
[EventCountry "AZE"]
[SourceTitle "playchess.com"]
[Source "ChessBase"]
[SourceQuality "1"]
[TimeControl "40/5400+30:1800+30"]

1. e4 {[%emt 0:00:00]} e5 {[%emt 0:00:00]} 2. Nf3 {[%emt 0:00:26]} Nc6 {[%emt 0:00:00]} 3. Bb5 {[%emt 0:00:18]} Nf6 {[%emt 0:00:16]} 4. O-O {[%emt 0:00:41]} Nxe4 {[%emt 0:00:08]} 5. d4 {[%emt 0:00:07]} Nd6 {[%emt 0:02:23]} 6. dxe5 {[%emt 0:00:12]} Nxb5 {[%emt 0:06:03]} 7. a4 {[%emt 0:00:05]} d6 {[%emt 0:08:19]} 8. e6 {[%emt 0:16:13]} Bxe6 {[%emt 0:26:51]} 9. axb5 {[%emt 0:00:21]} Nb8 {[%emt 0:11:32]} 10. Nd4 {[%emt 0:14:39]} Be7 {[%emt 0:05:20]} 11. Nxe6 {[%emt 0:14:16]} fxe6 {[%emt 0:00:06]} 12. Qg4 {[%emt 0:01:33]} O-O {[%emt 0:02:19]} 13. Qxe6+ {[%emt 0:00:18]} Kh8 {[%emt 0:01:37]} 14. Be3 {[%emt 0:06:43]} Bf6 {[%emt 0:14:13]} 15. Rxa7 {[%emt 0:09:15]} Rxa7 {[%emt 0:09:10]} 16. Bxa7 {[%emt 0:00:18]} b6 {[%emt 0:00:46]} 17. Bxb8 {[%emt 0:01:50]} Qxb8 {[%emt 0:00:01]} 18. c3 {[%emt 0:02:36]} Re8 {[%emt 0:05:25]} 19. Qc4 {[%emt 0:01:50]} Re5 {[%emt 0:01:07]} 20. Nd2 {[%emt 0:05:49]} Rc5 {[%emt 0:02:04]} 21. Qe2 {[%emt 0:00:10]} Re5 {[%emt 0:00:06]} 22. Qd3 {[%emt 0:04:49]} Qe8 {[%emt 0:00:05]} 23. c4 {[%emt 0:00:05]} Re2 {[%emt 0:02:56]} 24. b3 {[%emt 0:00:13]} g6 {[%emt 0:00:21]} 25. Nf3 {[%emt 0:04:41]} Qe6 {[%emt 0:00:22]} 26. Rd1 {[%emt 0:02:55]} Kg7 {[%emt 0:00:34]} 27. Kf1 {[%emt 0:02:14]} Re4 {[%emt 0:00:01]} 28. Qd5 {[%emt 0:03:12]} Qxd5 {[%emt 0:00:12]} 29. Rxd5 {[%emt 0:00:06]} Re8 {[%emt 0:00:10]} 30. Rd3 {[%emt 0:02:56]} Kf7 {[%emt 0:00:40]} 31. g3 {[%emt 0:00:08]} Ra8 {[%emt 0:00:16]} 32. Nd2 {[%emt 0:00:46]} Ke6 {[%emt 0:00:41]} 33. Re3+ {[%emt 0:00:23]} Kd7 {[%emt 0:00:10]} 34. Ne4 {[%emt 0:01:24]} Be7 {[%emt 0:01:38]} 35. Nc3 {[%emt 0:00:25]} Bd8 {[%emt 0:00:42]} 36. Nd5 {[%emt 0:00:49]} c6 {[%emt 0:00:38]} 37. bxc6+ {[%emt 0:00:40]} Kxc6 {[%emt 0:00:01]} 38. Re8 {[%emt 0:00:15]} Ra1+ {[%emt 0:00:17]} 39. Kg2 {[%emt 0:00:32]} Kd7 {[%emt 0:01:16]} 40. Rh8 {[%emt 0:00:00]} Rb1 {[%emt 0:00:00]} 41. Rxh7+ {[%emt 0:00:59]} Kc6 {[%emt 0:00:20]} 42. Rh8 {[%emt 0:00:45]} Kd7 {[%emt 0:00:44]} 43. b4 {[%emt 0:00:09]} Rc1 {[%emt 0:02:16]} 44. Rh7+ {[%emt 0:01:52]} Kc6 {[%emt 0:01:00]} 45. b5+ {[%emt 0:00:27]} Kc5 {[%emt 0:00:17]} 46. Rh8 {[%emt 0:00:14]} Bg5 {[%emt 0:06:48]} 47. Rc8+ {[%emt 0:00:08]} Kd4 {[%emt 0:00:01]} 48. Nxb6 {[%emt 0:00:07]} d5 {[%emt 0:03:42]} 49. Nxd5 {[%emt 0:00:30]} Rxc4 {[%emt 0:00:28]} 50. Rxc4+ {[%emt 0:00:05]} Kxc4 {[%emt 0:00:04]} 51. b6 {[%emt 0:00:11]} 1-0

[Event "AZE-ch Men 2019"]
[Site "Baku"]
[Date "2019.01.16"]
[Round "1"]
[White "Shahaliyev, Ismayil"]
[Black "Isgandarov, Shahriyar"]
[Result "1-0"]
[WhiteElo "2389"]
[BlackElo "2113"]
[Annotator "NA"]
[PlyCount "107"]
[EventDate "2019.01.16"]
[EventType "swiss"]
[EventCountry "AZE"]
[SourceTitle "playchess.com"]
[Source "ChessBase"]
[SourceQuality "1"]
[TimeControl "40/5400+30:1800+30"]

1. e4 {[%emt 0:04:23]} c5 {[%emt 0:00:00]} 2. Nf3 {[%emt 0:00:05]} Nc6 {[%emt 0:00:00]} 3. Bb5 {[%emt 0:00:07]} g6 {[%emt 0:01:02]} 4. Bxc6 {[%emt 0:00:07]} bxc6 {[%emt 0:00:17]} 5. O-O {[%emt 0:00:07]} Bg7 {[%emt 0:00:38]} 6. Re1 {[%emt 0:00:07]} Nf6 {[%emt 0:08:57]} 7. e5 {[%emt 0:00:14]} Nd5 {[%emt 0:00:31]} 8. c4 {[%emt 0:00:08]} Nc7 {[%emt 0:02:03]} 9. d4 {[%emt 0:00:05]} cxd4 {[%emt 0:01:47]} 10. Qxd4 {[%emt 0:00:07]} O-O {[%emt 0:10:38]} 11. Qh4 {[%emt 0:01:30] B31: Sicilian: 2...Nc6 3 Bb5 g6} f6 {[%emt 0:11:18]} 12. exf6 {[%emt 0:14:51]} (12. Nc3 Ne6 13. Ne4 fxe5 14. Nfg5 Nxg5 15. Bxg5 Qb6 16. c5 Qxb2 17. Rad1 d5 18. cxd6 exd6 19. Rxd6 Bf5 20. Nf6+ Bxf6 21. Bxf6 Rab8 22. Qc4+ Rf7 23. Red1 Qb1 24. h3 {1-0 (24) Van Wely,L (2667)-Hou,Y (2673) Wijk aan Zee 2015}) 12... exf6 {[%emt 0:07:21]} 13. Bh6 {[%emt 0:09:04]} Ne6 {[%emt 0:03:21]} 14. Bxg7 {[%emt 0:01:20]} Kxg7 {[%emt 0:01:30]} 15. Nc3 {[%emt 0:00:07]} f5 {[%emt 0:04:05]} 16. Qxd8 {[%emt 0:04:08]} Rxd8 {[%emt 0:00:09]} 17. Rad1 {[%emt 0:00:05]} d6 {[%emt 0:04:53]} 18. Nd4 {[%emt 0:11:49]} Nxd4 {[%emt 0:02:34]} 19. Rxd4 {[%emt 0:00:08]} Kf6 $146 {[%emt 0:03:08]} 20. c5 {[%emt 0:11:59]} d5 {[%emt 0:05:20]} 21. f4 {[%emt 0:02:19]} Ba6 {[%emt 0:06:30]} 22. b3 {[%emt 0:04:42]} Re8 {[%emt 0:11:24]} 23. Rxe8 {[%emt 0:01:12]} Rxe8 {[%emt 0:00:07]} 24. Ra4 {[%emt 0:00:02]} Bd3 {[%emt 0:02:29]} 25. Kf2 {[%emt 0:00:08]} Re7 {[%emt 0:01:45]} 26. Rd4 {[%emt 0:07:01]} Ba6 {[%emt 0:00:49]} 27. Ra4 {[%emt 0:01:14]} Bd3 {[%emt 0:00:06]} 28. Rd4 {[%emt 0:00:06]} Ba6 {[%emt 0:00:05]} 29. g3 {[%emt 0:00:04]} h6 {[%emt 0:01:46]} 30. Ra4 {[%emt 0:08:40]} Bd3 {[%emt 0:00:13]} 31. Rd4 {[%emt 0:00:11]} Ba6 {[%emt 0:00:05]} 32. Rd1 {[%emt 0:00:05]} g5 {[%emt 0:03:01]} 33. Rd4 {[%emt 0:04:10]} g4 {[%emt 0:00:53]} 34. Ra4 {[%emt 0:04:07]} Bd3 {[%emt 0:00:27]} 35. Rd4 {[%emt 0:00:05]} Ba6 {[%emt 0:00:06]} 36. Rd1 {[%emt 0:00:46]} Re6 {[%emt 0:02:25]} 37. a4 {[%emt 0:01:16]} Re8 {[%emt 0:03:18]} 38. b4 {[%emt 0:01:08]} Bc4 {[%emt 0:02:45]} 39. b5 {[%emt 0:01:40]} cxb5 {[%emt 0:01:00]} 40. axb5 {[%emt 0:00:00]} Rb8 {[%emt 0:00:00]} 41. Ke3 {[%emt 0:10:36]} Bxb5 {[%emt 0:12:36]} 42. Rxd5 {[%emt 0:00:56]} Bc4 {[%emt 0:06:29]} 43. Rd7 {[%emt 0:10:15]} a5 $18 {[%emt 0:04:04]} 44. Kd4 {[%emt 0:04:09]} Be6 {[%emt 0:03:38]} 45. Nd5+ {[%emt 0:00:46]} Kg6 {[%emt 0:01:50]} 46. Re7 {[%emt 0:06:52]} Bf7 {[%emt 0:02:25]} 47. c6 {[%emt 0:01:26]} Bxd5 {[%emt 0:02:47]} 48. Kxd5 {[%emt 0:00:07]} Rb2 {[%emt 0:00:36]} 49. c7 {[%emt 0:00:26]} Rd2+ {[%emt 0:00:32]} 50. Ke6 {[%emt 0:00:26]} Rc2 {[%emt 0:00:37]} 51. Kd7 {[%emt 0:00:25]} Kf6 {[%emt 0:00:28]} 52. Re6+ {[%emt 0:00:33]} Kf7 {[%emt 0:00:01]} 53. Rc6 {[%emt 0:00:12]} Rd2+ {[%emt 0:00:32]} 54. Rd6 {[%emt 0:00:04]} 1-0

[Event "AZE-ch Men 2019"]
[Site "Baku"]
[Date "2019.01.16"]
[Round "1"]
[White "Zeynalov, Farid"]
[Black "Guliyev, Gasan"]
[Result "1-0"]
[WhiteElo "2344"]
[BlackElo "1997"]
[Annotator "NA"]
[PlyCount "56"]
[EventDate "2019.01.16"]
[EventType "swiss"]
[EventCountry "AZE"]
[SourceTitle "playchess.com"]
[Source "ChessBase"]
[SourceQuality "1"]
[TimeControl "40/5400+30:1800+30"]

1. d4 {[%emt 0:00:00]} e6 {[%emt 0:02:12]} 2. c4 {[%emt 0:00:00]} c5 {[%emt 0:03:47]} 3. d5 {[%emt 0:00:00]} exd5 {[%emt 0:00:03]} 4. cxd5 {[%emt 0:00:07]} d6 {[%emt 0:00:18]} 5. Nc3 {[%emt 0:00:10]} Nf6 {[%emt 0:00:23]} 6. Nf3 {[%emt 0:00:14]} g6 {[%emt 0:00:12]} 7. Bf4 {[%emt 0:00:52]} Bg7 {[%emt 0:00:44]} 8. Qa4+ {[%emt 0:00:24]} Bd7 {[%emt 0:06:57]} 9. Qb3 {[%emt 0:00:10]} Qc7 {[%emt 0:03:41]} 10. e4 {[%emt 0:00:06]} O-O {[%emt 0:01:18]} 11. Be2 {[%emt 0:00:04]} Nh5 {[%emt 0:21:41]} 12. Be3 {[%emt 0:00:08]} a6 {[%emt 0:02:27]} 13. a4 {[%emt 0:00:04]} Bg4 {[%emt 0:01:57]} 14. h3 {[%emt 0:00:53]} Bxf3 {[%emt 0:01:22]} 15. Bxf3 {[%emt 0:00:06]} Nd7 {[%emt 0:12:51]} 16. O-O {[%emt 0:01:46]} c4 {[%emt 0:09:23]} 17. Qb4 {[%emt 0:03:08]} Ne5 {[%emt 0:17:18]} 18. Be2 {[%emt 0:00:28]} Nd3 {[%emt 0:00:05]} 19. Bxd3 {[%emt 0:00:33]} cxd3 {[%emt 0:00:04]} 20. Rac1 {[%emt 0:06:30]} f5 {[%emt 0:09:42]} 21. exf5 {[%emt 0:06:38]} gxf5 {[%emt 0:00:09]} 22. Nb5 {[%emt 0:06:50]} Qe7 {[%emt 0:00:04]} 23. Nc7 {[%emt 0:02:29]} f4 {[%emt 0:01:41]} 24. Bd2 {[%emt 0:03:10]} a5 {[%emt 0:02:01]} 25. Qb6 {[%emt 0:08:52]} Qe2 {[%emt 0:01:18]} 26. Rcd1 {[%emt 0:01:06]} Nf6 {[%emt 0:00:41]} 27. Nxa8 {[%emt 0:00:40]} Rxa8 {[%emt 0:00:19]} 28. Qxd6 {[%emt 0:01:32]} Ne4 1-0

[Event "AZE-ch Men 2019"]
[Site "Baku"]
[Date "2019.01.16"]
[Round "1"]
[White "Bashirli, Nail"]
[Black "Asadli, Vugar"]
[Result "1/2-1/2"]
[WhiteElo "2324"]
[BlackElo "2471"]
[Annotator "TA"]
[PlyCount "61"]
[EventDate "2019.01.16"]
[EventType "swiss"]
[EventCountry "AZE"]
[SourceTitle "playchess.com"]
[Source "ChessBase"]
[SourceQuality "1"]

{[%evp 19,61,31,25,23,30,20,45,34,34,25,75,10,9,21,9,17,31,0,13,0,67,-10,-8,-4,0,0,-5,-10,0,-34,-34,-29,-32,-34,-34,-34,-34,-55,-14,-45,-8,-41,-41,-83]} 1. e4 e5 2. Nf3 Nc6 3. Nc3 Nf6 4. Bb5 Bc5 5. O-O O-O 6. Nxe5 Nxe5 7. d4 Bd6 8. f4 Nc6 {C48: Four Knights: 4 Bb5, replies other than 4...Bb4} (8... Neg4 9. e5 Bb4 10. f5 Re8 11. Nd5 Nxe5 12. Nxb4 Nc6 13. a3 a6 14. Bd3 a5 15. Nxc6 dxc6 16. c3 {½-½ (30) Kovalev,V (2664)-Aronian,L (2780) Batumi 2018}) 9. e5 Bb4 10. exf6 Qxf6 {LiveBook: 5 Games. White is slightly better.} 11. a3 Ba5 12. Be3 Ne7 {[%cal Bc6e7,Be7d5,Bd5e3][%mdl 32]} 13. f5 {[#] Black must now prevent Ne4.} Bxc3 14. bxc3 {White wants to play Qh5.} Nd5 $146 ({Predecessor:} 14... Nxf5 15. Qh5 {0-1 (48) Berggren Torell,H (2112)-Lindberg,B (2421) Linkoping 2013}) 15. Qd2 ({White should try} 15. Bd2 $16) 15... Nxe3 16. Qxe3 c6 17. Bd3 d5 18. Rae1 Bd7 19. Qe7 Rfd8 ({Better is} 19... Qxe7 $1 $11 20. Rxe7 Rad8) 20. g4 (20. Qxf6 $14 gxf6 21. c4) 20... Qxe7 $1 $11 21. Rxe7 Kf8 22. Re3 f6 23. Kf2 Re8 24. Rfe1 Rxe3 25. Rxe3 $15 {[%mdl 4096] Endgame KRB-KRB} Re8 26. h4 Rxe3 27. Kxe3 Ke7 28. Kf4 a5 29. g5 Be8 30. Be2 Kd6 31. Bd3 {Accuracy: White = 25%, Black = 56%.} 1/2-1/2

[Event "AZE-ch Men 2019"]
[Site "Baku"]
[Date "2019.01.16"]
[Round "1"]
[White "Babazada, Khazar"]
[Black "Bajarani, Ulvi"]
[Result "1/2-1/2"]
[WhiteElo "2299"]
[BlackElo "2421"]
[Annotator "TA"]
[PlyCount "61"]
[EventDate "2019.01.16"]
[EventType "swiss"]
[EventCountry "AZE"]
[SourceTitle "playchess.com"]
[Source "ChessBase"]
[SourceQuality "1"]

{[%evp 17,61,12,8,0,-7,0,0,-51,-50,-39,-27,-22,-19,-39,-25,-47,-4,-20,0,-9,0,0,21,0,0,-33,-30,-32,0,0,0,0,0,0,0,0,14,0,0,0,0,0,12,5,10,0]} 1. e4 e6 2. d4 d5 3. Nc3 {[%cal Bb1c3,Bc3e2,Be2f4][%mdl 32]} Nf6 4. e5 Nfd7 5. Nce2 c5 6. c3 cxd4 7. cxd4 f6 {C11: French: Classical System: 4 e5 and 4 Bg5 dxe4} 8. Nf4 (8. exf6 Nxf6 9. Nf3 Nc6 10. Nc3 Bd6 11. Bb5 O-O 12. O-O Bd7 13. Re1 Qc7 14. h3 Rae8 15. Be3 {½-½ (41) Solodovnichenko,Y (2528)-Sumets,A (2569) Rochefort 2018}) 8... Bb4+ 9. Bd2 Qb6 {LiveBook: 19 Games} 10. Nf3 fxe5 11. dxe5 O-O {[#] Threatens to win with ...Rxf4.} 12. g3 (12. Nd3 $1 $11 Nc6 13. Bxb4 Nxb4 14. Qd2 Nxd3+ 15. Bxd3) 12... Nc6 $15 {[%cal Bb8c6,Bc6e5,Be5c4][%mdl 32]} 13. Bg2 $146 ({Predecessor:} 13. Bd3 Bxd2+ 14. Qxd2 Ncxe5 15. Bxh7+ Kxh7 {0-1 (28) Barahona Torrijos,A (1944)-Rosa Ramirez,V (1909) Madrid 2009}) 13... Ndxe5 14. Nxe5 {Black must now prevent Ned3.} Nxe5 15. O-O Bxd2 16. Qxd2 Nc4 17. Qe1 Qd6 ({Reject} 17... Nxb2 $6 18. Rb1 $14) 18. b3 Nb6 19. Rd1 Bd7 20. a4 Rae8 21. Qe3 Bc6 {Hoping for ...e5.} 22. a5 Nc8 (22... e5 $5 {[%cal Re5f4]} 23. axb6 exf4 $15) 23. Rfe1 {The position is equal.} Re7 24. h4 ({Avoid the trap} 24. Nxe6 $2 Rfe8 $19) 24... a6 25. h5 Rf6 26. Bh3 Bd7 27. Qe5 Kf7 28. Rc1 Qxe5 29. Rxe5 Nd6 30. Rc7 Kf8 31. Bg4 {Accuracy: White = 51%, Black = 67%.} 1/2-1/2

[Event "AZE-ch Men 2019"]
[Site "Baku"]
[Date "2019.01.16"]
[Round "1"]
[White "Jafarli, Babak"]
[Black "Abdulov, Orkhan"]
[Result "1/2-1/2"]
[WhiteElo "2128"]
[BlackElo "2395"]
[Annotator "NA"]
[PlyCount "48"]
[EventDate "2019.01.16"]
[EventType "swiss"]
[EventCountry "AZE"]
[SourceTitle "playchess.com"]
[Source "ChessBase"]
[SourceQuality "1"]
[TimeControl "40/5400+30:1800+30"]

1. d4 {[%emt 0:00:00]} Nf6 {[%emt 0:17:36]} 2. c4 {[%emt 0:00:00]} e6 {[%emt 0:00:33]} 3. Nf3 {[%emt 0:00:09]} b6 {[%emt 0:00:19]} 4. g3 {[%emt 0:00:16]} Bb7 {[%emt 0:00:02]} 5. Bg2 {[%emt 0:00:06]} c5 {[%emt 0:00:29]} 6. O-O {[%emt 0:01:54]} cxd4 {[%emt 0:02:11]} 7. Nxd4 {[%emt 0:00:41]} Bxg2 {[%emt 0:00:03]} 8. Kxg2 {[%emt 0:00:07]} Be7 {[%emt 0:05:08]} 9. Nd2 {[%emt 0:10:15]} O-O {[%emt 0:08:13]} 10. b3 {[%emt 0:08:11]} d5 {[%emt 0:04:09]} 11. Bb2 {[%emt 0:02:04]} dxc4 {[%emt 0:04:11]} 12. Nxc4 {[%emt 0:00:32]} Qd5+ {[%emt 0:00:09]} 13. Nf3 {[%emt 0:03:59]} Nc6 {[%emt 0:05:57]} 14. Rc1 {[%emt 0:11:05]} Qh5 {[%emt 0:06:08]} 15. Nce5 {[%emt 0:08:34]} Nxe5 {[%emt 0:08:50]} 16. Nxe5 {[%emt 0:01:41]} Rfd8 {[%emt 0:04:31]} 17. Qc2 {[%emt 0:00:41]} Rd5 {[%emt 0:06:53]} 18. Nc6 {[%emt 0:03:33]} Bf8 {[%emt 0:02:48]} 19. b4 {[%emt 0:02:21]} a5 {[%emt 0:03:32]} 20. e4 {[%emt 0:04:17]} Rd7 {[%emt 0:01:22]} 21. Ne5 {[%emt 0:01:22]} Rdd8 {[%emt 0:00:01]} 22. Nc6 {[%emt 0:00:06]} Rd7 {[%emt 0:00:04]} 23. Ne5 {[%emt 0:00:08]} Rdd8 {[%emt 0:00:00]} 24. Nc6 {[%emt 0:00:16]} Rd7 {[%emt 0:00:04]} 1/2-1/2

[Event "AZE-ch Men 2019"]
[Site "Baku"]
[Date "2019.01.16"]
[Round "1"]
[White "Ahadzade, Kanan"]
[Black "Davidov, Samir"]
[Result "1/2-1/2"]
[WhiteElo "2019"]
[BlackElo "2344"]
[Annotator "NA"]
[PlyCount "110"]
[EventDate "2019.01.16"]
[EventType "swiss"]
[EventCountry "AZE"]
[SourceTitle "playchess.com"]
[Source "ChessBase"]
[SourceQuality "1"]
[TimeControl "40/5400+30:1800+30"]

1. e4 {[%emt 0:00:00]} d6 {[%emt 0:05:52]} 2. d4 {[%emt 0:00:00]} Nf6 {[%emt 0:00:12]} 3. Bd3 {[%emt 0:00:24]} Nbd7 {[%emt 0:00:23]} 4. Nf3 {[%emt 0:00:41]} e5 {[%emt 0:00:53]} 5. c3 {[%emt 0:00:28]} h6 {[%emt 0:01:14]} 6. Nbd2 {[%emt 0:00:34]} c6 {[%emt 0:00:46]} 7. O-O {[%emt 0:02:08]} Qc7 {[%emt 0:01:11]} 8. Nc4 {[%emt 0:02:49]} Be7 {[%emt 0:01:31]} 9. Ne3 {[%emt 0:03:42]} g6 {[%emt 0:01:50]} 10. Bc2 {[%emt 0:02:02]} Nh5 {[%emt 0:07:04]} 11. dxe5 {[%emt 0:02:24]} dxe5 {[%emt 0:00:08]} 12. Ng4 {[%emt 0:00:15]} Bf8 {[%emt 0:04:35]} 13. b3 {[%emt 0:02:11]} Nhf6 {[%emt 0:00:45]} 14. Nfxe5 {[%emt 0:05:53]} Bg7 {[%emt 0:05:41]} 15. Nxf6+ {[%emt 0:04:13]} Bxf6 {[%emt 0:03:42]} 16. Nxd7 {[%emt 0:00:54]} Bxc3 {[%emt 0:02:17]} 17. Be3 {[%emt 0:02:11]} Qxd7 {[%emt 0:03:21]} 18. Qxd7+ {[%emt 0:01:38]} Bxd7 {[%emt 0:00:05]} 19. Rad1 {[%emt 0:00:07]} b6 {[%emt 0:00:06]} 20. Bd3 {[%emt 0:00:39]} Ke7 {[%emt 0:01:27]} 21. Bc4 {[%emt 0:04:26]} f6 {[%emt 0:06:55]} 22. Ba6 {[%emt 0:04:25]} Rab8 {[%emt 0:03:40]} 23. Rd3 {[%emt 0:02:15]} Be5 {[%emt 0:01:35]} 24. f4 {[%emt 0:07:12]} Bc7 {[%emt 0:00:07]} 25. Bd4 {[%emt 0:00:32]} Rhd8 {[%emt 0:01:06]} 26. b4 {[%emt 0:03:56]} Be6 {[%emt 0:04:49]} 27. a4 {[%emt 0:03:16]} Bd6 {[%emt 0:06:13]} 28. f5 {[%emt 0:01:50]} gxf5 {[%emt 0:03:36]} 29. exf5 {[%emt 0:00:17]} Bd5 {[%emt 0:00:05]} 30. Re3+ {[%emt 0:01:22]} Kf7 {[%emt 0:01:58]} 31. Be2 {[%emt 0:00:08]} Kg7 {[%emt 0:00:10]} 32. Rh3 {[%emt 0:05:05]} Rd7 {[%emt 0:13:44]} 33. Rh4 {[%emt 0:01:41]} Re8 {[%emt 0:02:08]} 34. Bf3 {[%emt 0:08:40]} Be5 {[%emt 0:06:15]} 35. Bxe5 {[%emt 0:06:20]} Rxe5 {[%emt 0:00:01]} 36. Rg4+ {[%emt 0:01:26]} Kf7 {[%emt 0:02:51]} 37. Bd1 {[%emt 0:03:49]} Kf8 {[%emt 0:01:04]} 38. Rd4 {[%emt 0:10:35]} Ke7 {[%emt 0:00:40]} 39. Rh4 {[%emt 0:02:31]} Kd8 {[%emt 0:00:51]} 40. Bf3 {[%emt 0:00:00]} Bxf3 {[%emt 0:00:00]} 41. Rxf3 {[%emt 0:01:05]} Rd1+ {[%emt 0:01:25]} 42. Kf2 {[%emt 0:01:04]} Rd2+ {[%emt 0:00:06]} 43. Kf1 {[%emt 0:00:41]} a5 {[%emt 0:01:34]} 44. bxa5 {[%emt 0:02:50]} Rxa5 {[%emt 0:02:24]} 45. Rff4 {[%emt 0:02:30]} Rc5 {[%emt 0:05:06]} 46. Rd4+ {[%emt 0:02:25]} Rxd4 {[%emt 0:00:06]} 47. Rxd4+ {[%emt 0:00:03]} Kc7 {[%emt 0:00:03]} 48. g4 {[%emt 0:00:34]} Rc1+ {[%emt 0:00:35]} 49. Kg2 {[%emt 0:00:14]} c5 {[%emt 0:00:10]} 50. Re4 {[%emt 0:00:20]} c4 {[%emt 0:00:13]} 51. Re7+ {[%emt 0:01:55]} Kd6 {[%emt 0:03:35]} 52. Re6+ {[%emt 0:00:18]} Kd7 {[%emt 0:00:05]} 53. Rxf6 {[%emt 0:11:54]} c3 {[%emt 0:14:47]} 54. Rf7+ {[%emt 0:00:16]} Kd6 {[%emt 0:01:58]} 55. Rf8 {[%emt 0:00:33]} Kd7 {[%emt 0:01:13]} 1/2-1/2